Finish the Famous Slogan II Quiz Stats

 Plays Quiz Updated Jul 17, 2019

Score 0/28 Timer 06:00
7 Plays Today
% Correct
Less
95.7%
Air
94.8%
Rainbow
94.7%
Be
94.7%
Earth
94.6%
It
94.5%
Best
94%
Champions
93.7%
Tomorrow
93.1%
You
93.1%
Ticking
93.1%
Cavities
92.6%
Peanut-buttery
92.4%
Stuff
92%
% Correct
Walking
91%
Going
90.7%
Fun
90.4%
Guaranteed
90.2%
Tank
90.1%
Get
90.1%
Game
90%
Cup
89.4%
Toasty
88%
Ours
87.9%
Better
87.8%
Water
86.2%
Doing
82.1%
Rich
79.3%

You're not logged in!

Compare scores with friends on all Sporcle quizzes.
OR
Log In

Sporcle TV

Today on Sporcle TV


Watch our educational content, quiz creation guides, and fun videos on Sporcle TV.

Show Comments

Extras

Top Quizzes Today


Score Distribution

Your Account Isn't Verified!

In order to create a playlist on Sporcle, you need to verify the email address you used during registration. Go to your Sporcle Settings to finish the process.

Report this User

Report this user for behavior that violates our Community Guidelines.

Details: